Recinte Maternitat
Descripción Física:
1 quadríptic ; il. col. ; 10 x 20 cm.
Materias:
Casa de Maternitat i Expòsits de Barcelona -- Guies
; Recinte Maternitat (Barcelona) -- Guies
Idioma:
Catalán
MARC
| LEADER | 00000nam a22000007a 4500 | ||
|---|---|---|---|
| 001 | 27282 | ||
| 003 | Arxiu | ||
| 005 | 20260324181151.0 | ||
| 008 | 230123b spa||||| |||| 00| 0 cat d | ||
| 017 | |a B 13458-2014 | ||
| 040 | |a agdb |b cat | ||
| 041 | |a cat | ||
| 245 | |a Recinte Maternitat | ||
| 260 | |a Barcelona : |b Diputació de Barcelona ; |c 2014 | ||
| 300 | |a 1 quadríptic ; |b il. col. ; |c 10 x 20 cm. | ||
| 610 | 0 | |9 55260 |a Casa de Maternitat i Expòsits de Barcelona |x Guies | |
| 650 | 0 | |9 55960 |a Recinte Maternitat (Barcelona) |x Guies | |
| 710 | |9 55261 |a Barcelona (Catalunya : Província). |b Oficina de Gestió de Recintes | ||
| 942 | |2 udc |c ARXIU |n 1 | ||
| 952 | |0 0 |1 0 |2 udc |4 0 |6 FU743 |7 1 |9 65066 |a Arxiu |b Arxiu |d 2023-01-23 |l 0 |o FU-74-3 |p 27282 |r 2023-01-23 00:00:00 |w 2023-01-23 |y ARXIU | ||
| 999 | |c 82985 |d 82985 | ||